00938nam a2200241 a 4500001001000000003000400010005001700014008004100031040002500072082001500097100003100112245011700143260004800260300002800308490006900336490003100405500007400436504003200510650002400542650003000566830006900596830003100665000024000OSt20260521144507.0110118s1985 dr a 000 0 spa d aDO-SdBNPbspacBNPHU a101bP438f1 aPérez Martínez, Manuel13aLa filosofía hoy :bimportancia, problemas y relaciones con las demás ciencias /cManuel Pérez Martínez. aSanto Domingo :bUniversitaria-UASD,c1985. a287 p. :bil. ;c21 cm.1 aPublicaciones de la Universidad Autónoma de Santo Domingov3611 aFilosofía y sociedad v1 aIncluye referencias bibliográficas y notas al pie de las páginas. aBibliografía : p. 285-287 0aFilosofía moderna20aFilosofía de la ciencia 0aPublicaciones de la Universidad Autónoma de Santo Domingo, 361 0aFilosofía y sociedad, 1